Statistics for US Presidents Breakdown Puzzle #2

Click here to take the quiz!

General Stats

  • This quiz has been taken 626 times
  • The average score is 17 of 30

Answer Stats

Hint Answer % Correct
&AND
90%
Section of a playACT
87%
Make a mistakeERR
78%
Give temporarilyLEND
76%
French refusalNON
71%
Ashes holderURN
69%
Cut into cubesDICE
69%
CARTER
68%
JOHNSON
66%
Actor BrolinJOSH
64%
Corporate symbolLOGO
62%
Barn birdOWL
58%
Japanese soupMISO
56%
Sound, dinNOISE
54%
Seeker's questionWHERE
53%
JEFFERSON
53%
___ de plumeNOM
53%
TransgressionSIN
52%
WILSON
52%
COOLIDGE
51%
MADISON
51%
MONROE
49%
Fronded plantFERN
47%
Floor coveringMAT
46%
Above, poeticallyO'ER
45%
TRUMAN
45%
EISENHOWER
44%
CLEVELAND
43%
Composer HaydnJOSEF
40%
Give birth to a baby cowCALVE
38%

Score Distribution

Percentile by Number Answered

Percent of People with Each Score

Your Score History

You have not taken this quiz